Guess the 1960s song lyrics #37 - Statistics

General Stats
  • This quiz has been taken 25 times
  • The average score is 148 of 282
Answer Stats
Answer % Correct
I
100%
a
91%
an
91%
and
91%
And
91%
is
91%
on
91%
my
86%
My
86%
the
86%
The
86%
do
82%
we
82%
you
82%
for
77%
go
77%
In
77%
it's
77%
no
77%
No
77%
of
77%
can
73%
I'm
73%
all
68%
ha
68%
if
68%
I'll
68%
one
68%
what
68%
When
68%
Can't
64%
can't
64%
from
64%
her
64%
just
64%
say
64%
that
64%
this
64%
Baby
59%
baby
59%
Don
59%
every
59%
know
59%
or
59%
out
59%
Out
59%
see
59%
because
55%
girl
55%
She
55%
she
55%
But
50%
give
50%
heart
50%
never
50%
right
50%
should
50%
that's
50%
up
50%
everything
45%
eye
45%
Only
45%
than
45%
Got
41%
things
41%
was
41%
yeah
41%
aren't
36%
cry
36%
She's
36%
town
36%
apple
32%
make
32%
new
32%
way
32%
better
27%
guy
27%
says
27%
side
27%
sight
27%
tracks
27%
true
27%
Uptight
27%
while
27%
across
23%
buy
23%
clothes
23%
girl's
23%
house
23%
might
23%
old
23%
poor
23%
average
18%
back
18%
big
18%
folks
18%
great
18%
guess
18%
man's
18%
money
18%
own
18%
railroad
18%
smooth
18%
brought
14%
clean
14%
empty
14%
envy
14%
football
14%
hero
14%
Juan
14%
pearl
14%
pockets
14%
son
14%
born
9%
butlers
9%
full
9%
low
9%
maids
9%
raised
9%
single
9%
Woo
9%
hair
5%
money's
5%
Since
5%
stepping
5%
style
5%
suit's
5%
No matching quizzes found
Score Distribution
Percent of People with Each Score
Percentile by Number Answered
Your Score History
You have not taken this quiz